000 00436nam a2200181Ia 4500
008 240925s9999 xx 000 0 und d
020 _aNA
082 _a796.44 CHE
100 _aChester, Frank
245 0 _aHow's That
250 _aNA
260 _aLondon:
_bHutchinson
_cNA
300 _aVarious pages
_bN.A
_fPhotocopy
500 _aNA
600 _aHumanities & Natural Science
650 _aArts and Recreation
942 _cBK
999 _c12121
_d12121